| Tag |
First Indicator |
Second Indicator |
Subfields |
| LEADER |
00000cam a2200000Ia 4500 |
| 001 |
in00004666521 |
| 006 |
m o d |
| 007 |
cr unu|||||||| |
| 008 |
140221s2001 caua ob 001 0 eng d |
| 005 |
20260122213851.9 |
| 019 |
|
|
|a 1066653531
|
| 020 |
|
|
|a 0738423025
|
| 020 |
|
|
|a 9780738423029
|
| 020 |
|
|
|z 9780738423029
|
| 035 |
|
|
|a (OCoLC)870903554
|z (OCoLC)1066653531
|
| 037 |
|
|
|a CL0500000393
|b Safari Books Online
|
| 040 |
|
|
|a UMI
|b eng
|e pn
|c UMI
|d DEBBG
|d DEBSZ
|d OCLCF
|d COO
|d OCLCQ
|d CEF
|d OCLCA
|d WYU
|d OCLCO
|d OCLCQ
|
| 049 |
|
|
|a TXAM
|
| 050 |
|
4 |
|a R859.7.D36
|b M56 2001
|
| 082 |
0 |
4 |
|a 610/.285
|q OCoLC
|2 21/eng/20230216
|
| 245 |
0 |
0 |
|a Mining your own business in health care :
|b using DB2 Intelligent Miner for data.
|
| 250 |
|
|
|a 1st ed.
|
| 260 |
|
|
|a San Jose, Calif. :
|b IBM Corp. International Technical Support Organization,
|c 2001.
|
| 300 |
|
|
|a 1 online resource (x, 200 pages) :
|b illustrations.
|
| 336 |
|
|
|a text
|b txt
|2 rdacontent
|
| 337 |
|
|
|a computer
|b c
|2 rdamedia
|
| 338 |
|
|
|a online resource
|b cr
|2 rdacarrier
|
| 490 |
1 |
|
|a IBM redbooks
|
| 588 |
0 |
|
|a Online resource; title from cover (Safari, viewed Feb. 17, 2014).
|
| 504 |
|
|
|a Includes bibliographical references and index.
|
| 630 |
0 |
0 |
|a IBM Database 2.
|
| 630 |
0 |
7 |
|a IBM Database 2.
|2 blmlsh
|
| 630 |
0 |
7 |
|a IBM Database 2.
|2 fast
|0 (OCoLC)fst01367762
|
| 650 |
|
0 |
|a Medicine
|x Databases.
|
| 650 |
|
0 |
|a Data mining.
|
| 650 |
|
2 |
|a Data Mining
|
| 650 |
|
6 |
|a Médecine
|v Bases de données.
|
| 650 |
|
6 |
|a Exploration de données (Informatique)
|
| 650 |
|
7 |
|a Data mining.
|2 fast
|0 (OCoLC)fst00887946
|
| 650 |
|
7 |
|a Medicine.
|2 fast
|0 (OCoLC)fst01014893
|
| 655 |
|
7 |
|a Databases.
|2 fast
|0 (OCoLC)fst01411643
|
| 700 |
1 |
|
|a Baragoin, Corinne.
|
| 710 |
2 |
|
|a International Business Machines Corporation.
|b International Technical Support Organization.
|
| 776 |
0 |
8 |
|i Print version:
|a Baragoin, Corinne.
|t Mining your own business in health care using DB2 intelligent miner for data.
|d [Poughkeepsie, New York] : IBM Corporation, International Technical Support Organization, 2001
|z 9780738423029
|
| 830 |
|
0 |
|a IBM redbooks.
|
| 856 |
4 |
0 |
|u https://proxy.library.tamu.edu/login?url=https://go.oreilly.com/TAMU/library/view/-/0738423025/?ar
|z Connect to the full text of this electronic book
|t 0
|
| 955 |
|
|
|a Safari/O'Reilly ebooks
|
| 994 |
|
|
|a 92
|b TXA
|
| 999 |
f |
f |
|s 8d360bed-a7f6-4976-a938-e0fdee96dff4
|i 2de8086f-049c-4f93-a259-5e0d42483bcc
|t 0
|
| 952 |
f |
f |
|a Texas A&M University
|b College Station
|c Electronic Resources
|s www_evans
|d Available Online
|t 0
|e R859.7.D36 M56 2001
|h Library of Congress classification
|
| 998 |
f |
f |
|a R859.7.D36 M56 2001
|t 0
|l Available Online
|